Chanson Ateez #1 - Statistiques

Statistiques générales
  • Ce quiz a été pris 250 fois
  • Le résultat moyen est 9 sur 13
Statistiques - réponses
Par images Réponse % Correct
Halazia
84%
Say My Name
84%
The Real
82%
Deja Vu
74%
I'm The One (Fireworks)
73%
Thanxx
73%
Treasure
72%
Wave
70%
Wonderland
68%
Illusion
63%
Eternal Sunshine
60%
Aurora
48%
Paradigm
39%
Aucun quiz correspondant
Distribution des résultats
% des personnes avec chaque résultat
Percentile par nombre de réponses
Votre historique - résultats
Vous n’avez pas pris ce quiz